00570nam a2200169Ia 4500003000900000008004100009040001600050080002400066245015000090260003500240300001400275650001900289650002200308650001900330700002200349700002900371IN-BaIIA211028s9999 xx 000 0 eng d cIIA Library a047.1:539.18bADV-3 0aAdvances in atomic and molecular physicsbvol. 3cedited by D. R. Bates and Immaneul Estermann  aNew YorkbAcademic Pressc1967 axi, 368p. aAtomic physics aMolecular physics aNASA Thesaurus aBates, D. R., ed. aEstermann, Immaneul, ed.